00366pab a2200133 454500008004000000100001800040245006400058260000900122300001300131362001000144650001700154650002700171773003400198180718b2017 xxu||||| |||| 00| 0 eng d aDesai, Mihir  aA safe judgement: religious rather than constitutional test c2017 ap.12-16. a9 Sep aMuslim women aFamily disorganization aEconomic and Political Weekly